logo

Bir Sreshtho Munshi Abdur Rouf Library
Jhenaidah Cadet College

In search of excellence : (Record no. 9756)

MARC details
000 -LEADER
fixed length control field 00863cam a2200277 a 4500
001 - CONTROL NUMBER
control field 9756
003 - CONTROL NUMBER IDENTIFIER
control field BD-JhCC
005 - DATE AND TIME OF LATEST TRANSACTION
control field 20180325102908.0
008 - FIXED-LENGTH DATA ELEMENTS--GENERAL INFORMATION
fixed length control field 180325s1983 nyu 001 0 eng d
010 ## - LIBRARY OF CONGRESS CONTROL NUMBER
LC control number 82047530
020 ## - INTERNATIONAL STANDARD BOOK NUMBER
International Standard Book Number 0060548789
020 ## - INTERNATIONAL STANDARD BOOK NUMBER
International Standard Book Number 9780060548780
035 ## - SYSTEM CONTROL NUMBER
System control number (BD-JhCC)9756
040 ## - CATALOGING SOURCE
Original cataloging agency DLC
Transcribing agency DLC
Modifying agency DLC
-- BD-JhCC
043 ## - GEOGRAPHIC AREA CODE
Geographic area code n-us---
050 00 - LIBRARY OF CONGRESS CALL NUMBER
Classification number HD70.U5
Item number P424 1982
082 00 - DEWEY DECIMAL CLASSIFICATION NUMBER
Classification number 658/.00973
Edition number 19
Item number PET 1983
100 1# - MAIN ENTRY--PERSONAL NAME
Personal name Peters, Thomas J.
245 10 - TITLE STATEMENT
Title In search of excellence :
Remainder of title lessons from America's best-run companies /
Statement of responsibility, etc. by Thomas J. Peters and Robert H. Waterman, Jr.
260 ## - PUBLICATION, DISTRIBUTION, ETC.
Place of publication, distribution, etc. New York :
Name of publisher, distributor, etc. Harper & Row,
Date of publication, distribution, etc. c1982.
300 ## - PHYSICAL DESCRIPTION
Extent xxvi, 360 p. ;
Dimensions 22 cm.
504 ## - BIBLIOGRAPHY, ETC. NOTE
Bibliography, etc. note Includes bibliographical references and index.
650 #0 - SUBJECT ADDED ENTRY--TOPICAL TERM
Topical term or geographic name entry element Industrial management
Geographic subdivision United States.
700 1# - ADDED ENTRY--PERSONAL NAME
Personal name Waterman, Robert H.
942 ## - ADDED ENTRY ELEMENTS (KOHA)
Source of classification or shelving scheme Dewey Decimal Classification
Koha item type Books
Holdings
Withdrawn status Lost status Source of classification or shelving scheme Damaged status Not for loan Home library Current library Shelving location Date acquired Total Checkouts Full call number Barcode Date last seen Copy number Price effective from Koha item type
    Dewey Decimal Classification     JCC Rouf Library JCC Rouf Library General Stacks 03/25/2018   658/.00973 PET 1983 904 03/25/2018 C-1 03/25/2018 Books

JCC Library | Contacts | JCC Home

Last Update on 23 September 2017
Copyright @ 2017-2020 JCC Rouf Library
Rouf Library, Jhenidah Cadet College (JCC), Bangladesh